Statistics for Green Day Studio Albums

Click here to take the quiz!

General Stats

  • This quiz has been taken 27 times
  • The average score is 12 of 14

Answer Stats

HintAnswer% Correct
2004American Idiot
100%
1994Dookie
100%
2012Dos
94%
1991Kerplunk
94%
1997Nimrod
94%
2012Tre
94%
2012Uno
94%
1995Insomniac
88%
2016Revolution Radio
88%
2024Saviors
88%
200921st Century Breakdown
81%
2000Warning
81%
199039/smooth
75%
2020Father of all Motherfuckers
63%

Score Distribution

Percentile by Number Answered

Percent of People with Each Score

Your Score History

You have not taken this quiz